| 000 -ლიდერი |
| ფიქსირებული სიგრძის საკონტროლო ველი |
01935nam a2200253Ia 4500 |
| 001 - საკონტროლო ნომერი |
| საკონტროლო ველი |
12295 |
| 003 - საკონტროლო ნომრის იდენტიფიკატორი |
| საკონტროლო ველი |
GE_BSU |
| 005 - ბოლო ოპერაციის თარიღი და დრო |
| საკონტროლო ველი |
20240705115117.0 |
| 008 - ფიქსირებული სიგრძის მონაცემთა ელემენტები - ზოგადი ინფორმაცია |
| ფიქსირებული სიგრძის საკონტროლო ველი |
181216s2013||||geo|||||||||||||| ||ge || |
| 020 ## - წიგნის საერთაშორისო სტანდარტული ნომერი |
| International Standard Book Number |
9789941061554 |
| 040 ## - კატალოგიზაციის წყარო |
| Transcribing agency |
GE_BSU |
| 041 ## - ენის კოდი |
| Language code of text/sound track or separate title |
geo |
| 080 ## - უნივერსალური ათობითი კლასიფიკაციის ინდექსი |
| Universal Decimal Classification number |
37/76(479.223) ა-95 |
| 245 ## - ცნობა სათაურის შესახებ |
| Title |
აჭარის სახვითი ხელოვნება = Fine art of Ajara : |
| Remainder of title |
[ფერწერა და გრაფიკა, ქანდაკება და დეკორატიული ხელოვნება : ალბომი] / |
| Statement of responsibility, etc |
აჭარის ა/რ განათლების, კულტურისა და სპორტის სამინისტრო ; პროექტისა [და ტექსტის] ავტორი გიორგი ჯანბერიძე. |
| 264 ## - წარმოების, გამოცემის, დისტრიბუციის და სხვა ცნობები |
| გამოცემის, წარმოების, დისტრიბუციის... ადგილი |
ბათუმი : |
| გამოცემის, წარმოების, დისტრიბუციის... სახელწოდება |
სეზანი, |
| გამოცემის, წარმოების, დისტრიბუციის... თარიღი |
2013-2014. |
| 300 ## - ფიზიკური აღწერა |
| Extent |
168 გვ. : |
| Other physical details |
ილ. ; |
| Dimensions |
28 სმ. |
| 500 ## - ზოგადი შენიშვნა |
| General note |
თავფურცელი, ტექსტი, ყდა ქართულ და ინგლისურ ენებზე |
| 520 ## - SUMMARY, ETC. |
| Summary, etc |
პროექტი განხორციელდა აჭარის ავტ.რესპ.განათლების,კულტურის და სპორტის სამინისტროს მხარდაჭერით. |
| 653 ## - INDEX TERM--UNCONTROLLED |
| Uncontrolled term |
აჭარელი მხატვრების ფერწერული ალბომები |
| 653 ## - INDEX TERM--UNCONTROLLED |
| Uncontrolled term |
აჭარის სახვითი ხელოვნება |
| 700 ## - ADDED ENTRY--PERSONAL NAME |
| Personal name |
ჯანბერიძე, გიორგი |
| Relator term |
პროექტისა და ტექსტის ავტორი |
| 9 (RLIN) |
22730 |
| 710 ## - ADDED ENTRY--CORPORATE NAME |
| Corporate name or jurisdiction name as entry element |
აჭარის ა/რ განათლების, კულტურისა და სპორტის სამინისტრო |
| 9 (RLIN) |
5043 |
| 942 ## - ADDED ENTRY ELEMENTS (KOHA) |
| Koha item type |
წიგნი |
| Source of classification or shelving scheme |
|